<?xml version="1.0" encoding="UTF-8"?>
<record
    xmlns:xsi="http://www.w3.org/2001/XMLSchema-instance"
    xsi:schemaLocation="http://www.loc.gov/MARC21/slim http://www.loc.gov/standards/marcxml/schema/MARC21slim.xsd"
    xmlns="http://www.loc.gov/MARC21/slim">

  <leader>00620nam a22001697a 4500</leader>
  <controlfield tag="003">OSt</controlfield>
  <controlfield tag="005">20260327120848.0</controlfield>
  <controlfield tag="008">250710b        |||||||| |||| 00| 0 eSPd</controlfield>
  <datafield tag="020" ind1=" " ind2=" ">
    <subfield code="a">9788491595199</subfield>
  </datafield>
  <datafield tag="082" ind1=" " ind2=" ">
    <subfield code="a">1a Edici&#xF3;n</subfield>
  </datafield>
  <datafield tag="100" ind1=" " ind2=" ">
    <subfield code="a">VV.AA.</subfield>
  </datafield>
  <datafield tag="245" ind1=" " ind2=" ">
    <subfield code="a">Atlas de Odontopediatria</subfield>
  </datafield>
  <datafield tag="260" ind1=" " ind2=" ">
    <subfield code="a">Espa&#xF1;a</subfield>
    <subfield code="b">VV.AA.</subfield>
    <subfield code="c">2023</subfield>
  </datafield>
  <datafield tag="300" ind1=" " ind2=" ">
    <subfield code="a">359 PAG.</subfield>
  </datafield>
  <datafield tag="520" ind1=" " ind2=" ">
    <subfield code="a">El objetivo de la presente publicacion, realizada por un grupo de odontopediatras y ortodoncistas con amplia experiencia, es crear una breve guia de ayuda en el manejo y tratamiento de los pacientes odontologicos infantiles y adultos jovenes</subfield>
  </datafield>
  <datafield tag="942" ind1=" " ind2=" ">
    <subfield code="2">ddc</subfield>
    <subfield code="c">BK</subfield>
    <subfield code="n">0</subfield>
  </datafield>
  <datafield tag="952" ind1=" " ind2=" ">
    <subfield code="0">0</subfield>
    <subfield code="1">0</subfield>
    <subfield code="2">ddc</subfield>
    <subfield code="4">0</subfield>
    <subfield code="7">0</subfield>
    <subfield code="8">D04</subfield>
    <subfield code="a">ISUS</subfield>
    <subfield code="b">ISUS</subfield>
    <subfield code="c">Biblioteca Cerrada</subfield>
    <subfield code="d">2025-07-10</subfield>
    <subfield code="i">0783</subfield>
    <subfield code="l">4</subfield>
    <subfield code="o">odontolog&#xED;a </subfield>
    <subfield code="p">ODON0783</subfield>
    <subfield code="r">2026-03-24 12:03:51</subfield>
    <subfield code="s">2025-07-11</subfield>
    <subfield code="t">1</subfield>
    <subfield code="w">2025-07-10</subfield>
    <subfield code="y">BK</subfield>
  </datafield>
  <datafield tag="999" ind1=" " ind2=" ">
    <subfield code="c">1772</subfield>
    <subfield code="d">1772</subfield>
  </datafield>
</record>
